My Favorite Big12 Teams - Statistics

General Stats
  • This quiz has been taken 5 times
  • The average score is 5 of 7
Answer Stats
Colors Team % Correct
EEE Baylor
100%
EEE Arizona
80%
EEE Kansas
80%
EEE Kansas State
80%
EEE Utah
80%
EEE Houston
60%
EEE West Virginia
40%
No matching quizzes found
Score Distribution
Percent of People with Each Score
Percentile by Number Answered
Your Score History
You have not taken this quiz